000 00434nam a2200181Ia 4500
003 OSt
005 20250816115324.0
008 250729s2004 xx 000 0 und d
040 _cAL
041 _aeng
082 _a370 SINP
100 _aMorthy A L
_9221356
245 _aTechnology mangement in libraries
260 _aNew Delhi
_bA P H Publishing
_c2004
300 _a249p
650 _aEducation
_9221357
942 _2ddc
_cBED
999 _c234972
_d234972